Islamic Republic of Afghanistan : Fourth Review Under the Three-Year Arrangement Under the Poverty Reduction and Growth Facility and Request for Waiver of Performance Criterion; Staff Report; Staff Supplement and Statement; Press Release on the Executive Board Discussion; and Statement by the Executive Director for the Islamic Republic of Afghanistan.

This paper discusses key findings of the Fourth Review Under the Poverty Reduction and Growth Facility (PRGF) for Afghanistan and a Request for Waiver of Performance Criterion. Program performance during the second half of 2007/08 fell short of expectations. The performance criterion on fiscal reven...

Ausführliche Beschreibung

Bibliographische Detailangaben
Körperschaft: International Monetary Fund
Format: Zeitschrift
Sprache:English
Veröffentlicht: Washington, D.C. : International Monetary Fund, 2008.
Schriftenreihe:IMF Staff Country Reports; Country Report ; No. 2008/229
Online Zugang:Full text available on IMF
LEADER 01850cas a2200241 a 4500
001 AALejournalIMF005240
008 230101c9999 xx r poo 0 0eng d
020 |c 5.00 USD 
020 |z 9781451800401 
022 |a 1934-7685 
040 |a BD-DhAAL  |c BD-DhAAL 
110 2 |a International Monetary Fund. 
245 1 0 |a Islamic Republic of Afghanistan :   |b Fourth Review Under the Three-Year Arrangement Under the Poverty Reduction and Growth Facility and Request for Waiver of Performance Criterion; Staff Report; Staff Supplement and Statement; Press Release on the Executive Board Discussion; and Statement by the Executive Director for the Islamic Republic of Afghanistan. 
264 1 |a Washington, D.C. :  |b International Monetary Fund,  |c 2008. 
300 |a 1 online resource (80 pages) 
490 1 |a IMF Staff Country Reports 
500 |a <strong>Off-Campus Access:</strong> No User ID or Password Required 
500 |a <strong>On-Campus Access:</strong> No User ID or Password Required 
506 |a Electronic access restricted to authorized BRAC University faculty, staff and students 
520 3 |a This paper discusses key findings of the Fourth Review Under the Poverty Reduction and Growth Facility (PRGF) for Afghanistan and a Request for Waiver of Performance Criterion. Program performance during the second half of 2007/08 fell short of expectations. The performance criterion on fiscal revenue was missed, and the authorities fell behind on several program commitments. For 2008/09, real GDP growth is projected to moderate to 7.5 percent and inflation to decelerate to 15 1\2 percent by year's end. 
538 |a Mode of access: Internet 
830 0 |a IMF Staff Country Reports; Country Report ;  |v No. 2008/229 
856 4 0 |z Full text available on IMF  |u http://elibrary.imf.org/view/journals/002/2008/229/002.2008.issue-229-en.xml  |z IMF e-Library